| 000 | 01092nam a22002297a 4500 | ||
|---|---|---|---|
| 999 |
_c966 _d966 |
||
| 001 | 9418 | ||
| 003 | BD-DhUAP | ||
| 005 | 20200129125004.0 | ||
| 008 | 200129s2002 bg a|||| |||| 000 0 eng d | ||
| 020 | _a9848120424 | ||
| 040 |
_aBD-DhUAP _bBangla _cBD-DhUAP _dBD-DhUAP |
||
| 082 |
_223 _a338.95492 BAN |
||
| 245 |
_aবাংলাদেশ উন্নয়ন বিতর্ক : _bনীতি সংলাপের আলোকে / _cরেহমান সোবহান...[অন্যান্য] কর্তৃক সম্পাদিত। |
||
| 260 |
_aঢাকা : _bপাঠক সমাবেশ, _cc২০০২। |
||
| 300 |
_a২৭৯ পৃষ্ঠা ; _b২২ সেমি। |
||
| 650 |
_aঅর্থনীতি ও উন্নয়ন _zবাংলাদেশ। |
||
| 651 |
_zবাংলাদেশ _vউন্নয়ন বিতর্ক। |
||
| 700 | _aসোবহান, রেহমান। | ||
| 710 | _aসেন্টার ফর পলিসি ডায়লগ। | ||
| 710 | _aপাঠক সমাবেশ। | ||
| 942 |
_2ddc _cBK |
||